000 01350nam a2200397 i 4500
003 peliumch
005 20260119115138.0
007 ta
008 260119t2003 pe ||||gr|||| 00| 0 spa d
020 _a9972-885-36-4
040 _aUMCH
_bspa
_cUMCH
_djmr
_erda
041 0 _aspa
043 _as-pe---
082 0 4 _a869.558/Z4R
100 _aRodríguez Chávez, Iván,
_d1941-
245 _aOtra ventana sobre Ricardo Palma /
_cIván Rodríguez Chávez.
250 _aPrimera edición.
264 1 _aLima :
_bUniversidad Ricardo Palma, Editorial Universitaria,
_c2003
264 4 _c©2003
300 _a128 páginas ;
_c24 cm.
504 _aIncluye referencias bibliográficas.
505 _g1:
_tPalma poeta--
_g2:
_tPalma crítico literario--
_g3:
_tPalma y el derecho--
_g4:
_tPalma y la historia--
_g5:
_tEn torno a las tradiciones peruanas.
521 _aRecomendado para un público en general.
600 1 4 _aPalma, Ricardo,
_d1833-1919
630 0 4 _aTradiciones peruanas
648 4 _aSiglo XIX
650 1 4 _aCrítica literaria
650 2 4 _aPoesías peruanas
650 2 4 _aHistoria y estudio de la literatura
710 2 _aUniversidad Ricardo Palma (Lima)
942 _2ddc
_cLIB
_n0
999 _c53578
_d53578